| 000 | 00764cam a2200241 a 4500 | ||
|---|---|---|---|
| 001 | 3925466 | ||
| 005 | 20251029133831.0 | ||
| 008 | 921119s1993 paua b 001 0 eng c | ||
| 020 | _a072164483X | ||
| 050 | 1 | 0 |
_aRT73 _b.M396 1993 |
| 082 | 0 | 0 |
_a610.73/07 _220 |
| 100 | 1 |
_aMeltzer, Marilyn, _d1947- |
|
| 245 | 1 | 0 |
_aReading and study strategies for nursing students / _cMarilyn Meltzer, Susan Marcus Palau. |
| 260 |
_aPhiladelphia : _bW.B. Saunders Co., _cc1993. |
||
| 300 |
_axi, 321 p. : _bill. ; _c28 cm. |
||
| 650 | 0 |
_aNursing _xStudy and teaching. |
|
| 650 | 0 | _aStudy skills. | |
| 650 | 2 | _aEducation, Nursing. | |
| 650 | 2 |
_aLearning _xnurses' instruction. |
|
| 650 | 2 |
_aReading _xnurses' instruction. |
|
| 700 | 1 | _aPalau, Susan Marcus. | |
| 942 |
_2lcc _cBK _n0 |
||
| 999 |
_c7889 _d7889 |
||